| 000 | 00794nam a22001695i 4500 | ||
|---|---|---|---|
| 001 | 158101 | ||
| 003 | ES-MaACL | ||
| 005 | 20230906211017.0 | ||
| 008 | 960320s1893 sp |||| | spa d | ||
| 040 |
_aGA _bspa _cCCPB | SIC |
||
| 100 | 1 |
_aLorenzana, Augusto E. _974131 |
|
| 245 | 1 | 0 |
_aGeografía astronómica, física y política de la provincia de Pontevedra _b: precedida de nociones generales de geografía astronómica, física y política / _cpor el Lic. D. Augusto E. Lorenzana. |
| 260 |
_aPontevedra : _b[s.n.], _c1893 ( _fImp. de Luis Carragal) |
||
| 300 |
_a143 p. ; _c15 cm. |
||
| 651 |
_aPontevedra (Provincia)- _xDescripción. _9153500 |
||
| 852 |
_aES-MaACL _jT-940-F-1 _z-- Enc. hol. conservando la cub. original _z-- Enc. en un vol. facticio _z.- Donat. del Ministerio de Fomento |
||
| 999 |
_c158101 _d158101 |
||